00434 a2200133 4500020000800000040001000008082001000018100003800028245007700066260004100143300000800184650002100192670008700213 aN/S aISPLB a658.3 aCarochinho, Jos Ǎntn̤io Baiô aTecnicas de Atraȧo e Acolhimento em Recursos Humanos (excutive search) aLuandabUniversidade lusiada c2020. a10p aRecursos Humanos uhttps://drive.google.com/file/d/1OehrgGHY5wkoUxPwIkEqELSVW5qm8kN4/view?usp=sharing